000 00622nam a2200193 i 4500
001 91387
003 ES-MaACL
005 20250904063053.0
007 t|
008 050131s1926 ag ||||1| spa d
100 1 _aLevillier, Roberto,
_d1886-1969
_971965
245 1 0 _aNueva crónica de la conquista del Tucumán /
_cRoberto Levillier.
260 _aBuenos Aires :
_bNosotros,
_c1926.
300 _aIX, 289 p., 38 lám. ;
_c26 cm.
651 4 _aTucumán-
_xHistoria.
_9151019
651 4 _aArgentina-
_xHistoria-
_y1591-1810, Época colonial.
_9156531
852 _aES-MaACL
_jB-13321
999 _c91387
_d91387